| 000 | 00492nam a2200181Ia 4500 | ||
|---|---|---|---|
| 003 | GCL | ||
| 008 | 140319s9999 xx 000 0 ara d | ||
| 040 |
_aGCL / _cGCL |
||
| 082 | 0 | 4 |
_a370.15 _bم ث |
| 100 | 1 | _aمحمد مصطفى احمد | |
| 245 | 1 | 0 |
_aالتكيف والمشكلات المدرسية / _cمحمد مصطفى احمد |
| 300 | _a243 | ||
| 490 |
_a100 قصة _v0 |
||
| 650 | 0 | 4 | _aالمجتمع |
| 650 | 0 | 4 | _aالمدرسة |
| 650 | 0 | 4 | _aالشخصية |
| 942 |
_2ddc _cBK |
||
| 999 |
_c43304 _d43304 |
||